[Event "GER-ch Rapid 51st"]
[Site "Neuwied"]
[Date "2025.06.15"]
[Round "9"]
[White "Ahmed, Daniel"]
[Black "Fuhlrott, Tim"]
[Result "1-0"]
[WhiteElo "2107"]
[BlackElo "2078"]
[PlyCount "91"]
[EventDate "2025.06.14"]
[EventType "swiss (rapid)"]
[EventRounds "9"]
[EventCountry "GER"]
[SourceTitle "CB25_2025"]
[SourceDate "2025.06.18"]
[SourceVersion "1"]
[SourceVersionDate "2025.06.18"]
[SourceQuality "1"]

1. d4 d5 2. c4 e6 3. Nc3 Nf6 4. cxd5 exd5 5. Bg5 Be7 6. e3 0-0 7. Bd3 Re8 8. Nf3 c6 9. Qc2 h6 10. Bf4 Nbd7 11. h3 b5 12. 0-0 Bb7 13. Bh2 a6 14. Rae1 c5 15. dxc5 Nxc5 16. Bf5 Qb6 17. Nd4 Nce4 18. f3 Nd6 19. Bd3 Rac8 20. Qf2 Nc4 21. Kh1 Bc5 22. Bxc4 dxc4 23. Nf5 Qe6 24. Qc2 Rcd8 25. e4 Rd3 26. Ne2 Qb6 27. Rd1 Red8 28. Nf4 Rxd1 29. Rxd1 Bc8 30. Nd5 Nxd5 31. exd5 Qf6 32. Ng3 Bf8 33. Ne4 Qg6 34. b3 cxb3 35. axb3 Bb7 36. Qc7 Rxd5 37. Rc1 Ba3 38. Qxb7 Rd3 39. Rc8+ Kh7 40. Qa8 Rd1+ 41. Bg1 Qb6 42. Nc5 Bxc5 43. Qe4+ g6 44. Qe5 Rxg1+ 45. Kh2 Bd6 46. Rh8# 1-0

[Event "GER-ch Rapid 51st"]
[Site "Neuwied"]
[Date "2025.06.14"]
[Round "3"]
[White "Fuhlrott, Tim"]
[Black "Lauer, Marius"]
[Result "0-1"]
[WhiteElo "2078"]
[BlackElo "2144"]
[PlyCount "96"]
[EventDate "2025.06.14"]
[EventType "swiss (rapid)"]
[EventRounds "9"]
[EventCountry "GER"]
[SourceTitle "CB25_2025"]
[SourceDate "2025.06.18"]
[SourceVersion "1"]
[SourceVersionDate "2025.06.18"]
[SourceQuality "1"]

1. c4 d6 2. g3 g6 3. Nc3 Bg7 4. Bg2 Nf6 5. e4 e5 6. Nge2 0-0 7. 0-0 Be6 8. d3 Nc6 9. h3 Nd7 10. Be3 f5 11. Nd5 Nd4 12. Kh2 c6 13. Ndc3 Nxe2 14. Qxe2 f4 15. Bd2 Qg5 16. g4 h5 17. f3 hxg4 18. hxg4 Kf7 19. Rh1 Rh8+ 20. Kg1 Rxh1+ 21. Bxh1 Rh8 22. b4 Qh6 23. Bg2 Qh2+ 24. Kf1 Bf6 25. Be1 Bh4 26. Bxh4 Rxh4 27. Qf2 Nf6 28. Ke2 Nxg4 29. fxg4 Bxg4+ 30. Kd2 f3 31. Rf1 Qf4+ 32. Kc2 Rh2 33. Qxa7 Rxg2+ 34. Rf2 Qg3 35. Nd1 Kf6 36. a4 Be6 37. Qe3 g5 38. a5 Qf4 39. Qd2 Rxf2 40. Qxf2 g4 41. b5 g3 42. Qf1 f2 43. a6 bxa6 44. bxa6 g2 45. Qxg2 f1Q 46. Qxf1 Qxf1 47. a7 Qg2+ 48. Kc3 Qa2 0-1

[Event "Werther Schloss op 28th"]
[Site "Werther"]
[Date "2025.04.12"]
[Round "4"]
[White "Fuhlrott, Tim"]
[Black "Gulatz, Maurice"]
[Result "0-1"]
[WhiteElo "2075"]
[BlackElo "2214"]
[PlyCount "58"]
[EventDate "2025.04.10"]
[EventType "swiss"]
[EventRounds "7"]
[EventCountry "GER"]
[SourceTitle "CB16_2025"]
[SourceDate "2025.04.16"]
[SourceVersion "1"]
[SourceVersionDate "2025.04.16"]
[SourceQuality "1"]

1. c4 d6 2. g3 e5 3. Nc3 Be7 4. Bg2 f5 5. d3 Nf6 6. e4 0-0 7. Nge2 c6 8. 0-0 Qe8 9. f4 Qh5 10. exf5 Bxf5 11. fxe5 dxe5 12. d4 Nbd7 13. Kh1 Rad8 14. Be3 Bh3 15. Bxh3 Qxh3 16. Ng1 Qe6 17. d5 cxd5 18. cxd5 Qa6 19. Qb3 Bc5 20. Bg5 h6 21. Bxf6 Nxf6 22. Rad1 Ng4 23. Rxf8+ Rxf8 24. Ne4 Bxg1 25. d6+ Kh8 26. Rd3 Qc6 27. Rd5 Bd4 28. d7 Qc1+ 29. Kg2 Qf1# 0-1

[Event "Werther Schloss op 26th"]
[Site "Werther"]
[Date "2023.04.01"]
[Round "5"]
[White "Fuhlrott, Tim"]
[Black "Langheinrich, Ferenc"]
[Result "0-1"]
[WhiteElo "2015"]
[BlackElo "2384"]
[PlyCount "164"]
[EventDate "2023.03.30"]
[EventType "swiss"]
[EventRounds "7"]
[EventCountry "GER"]
[SourceTitle "CBM 213 Extra"]
[Source "ChessBase"]
[SourceDate "2023.05.31"]
[SourceVersion "1"]
[SourceVersionDate "2023.05.31"]
[SourceQuality "1"]

1. d4 g6 2. c4 Bg7 3. Nc3 d6 4. e4 Nf6 5. Nf3 0-0 6. Be2 Nbd7 7. 0-0 e5 8. Be3 Qe7 9. d5 a5 10. Nd2 h5 11. a3 a4 12. Nxa4 Ng4 13. Bxg4 hxg4 14. Nc3 f5 15. f3 f4 16. Bf2 gxf3 17. Nxf3 g5 18. h3 Bh6 19. Re1 Nf6 20. Kf1 g4 21. hxg4 Nxg4 22. Ke2 Qg7 23. Rf1 Rf6 24. Kd3 Rg6 25. Qe2 Nf6 26. Rg1 c5 27. Nb5 Qf8 28. Nc3 Bg4 29. Rh1 Kf7 30. Kc2 Qe8 31. Rag1 Qd7 32. Qd3 Rag8 33. Ne1 b6 34. Rf1 Bh5 35. Kb1 Bf8 36. Bh4 Ng4 37. g3 Bh6 38. Ng2 Ke8 39. gxf4 exf4 40. Nxf4 Ne5 41. Qc2 Bxf4 42. Rxf4 Bf3 43. Rf1 Rg1 44. Qf2 R1g2 45. Rxf3 Rxf2 46. R3xf2 Qh3 47. Bf6 Nxc4 48. Ka2 Rg2 49. Rxg2 Qxg2 50. Rb1 Kd7 51. a4 Qc2 52. Bg5 Qg2 53. Bf6 Kc8 54. Bh4 Qc2 55. Bg5 Kb7 56. Bf4 Ka6 57. Bg5 Qg2 58. Bh4 Kb7 59. Be1 Kc8 60. Bh4 Qh2 61. Bg5 Kd7 62. Kb3 Ne5 63. Bf6 c4+ 64. Ka2 Nd3 65. Bg7 Qc2 66. Ka1 Qb3 67. Bd4 Kc8 68. Bg1 Kb7 69. Bd4 Qc2 70. Bh8 Nc5 71. Re1 Nxa4 72. Nxa4 Qxa4+ 73. Kb1 Qb3 74. Kc1 b5 75. e5 Qg3 76. Re2 Qf3 77. Re1 dxe5 78. Bxe5 b4 79. d6 Kc6 80. Kd2 Qd3+ 81. Kc1 b3 82. d7 Qc2# 0-1

[Event "Dortmund Sparkassen op-A 46th"]
[Site "Dortmund"]
[Date "2018.07.15"]
[Round "2"]
[White "Mroczek, Mathias"]
[Black "Fuhlrott, Tim"]
[Result "1-0"]
[WhiteElo "2140"]
[BlackElo "1958"]
[PlyCount "123"]
[EventDate "2018.07.14"]
[EventType "swiss"]
[EventRounds "9"]
[EventCountry "GER"]
[SourceTitle "CBM 185 Extra"]
[Source "ChessBase"]
[SourceDate "2018.07.29"]
[SourceVersion "1"]
[SourceVersionDate "2018.07.29"]
[SourceQuality "1"]

1. Nf3 f5 2. g3 Nf6 3. Bg2 d6 4. d4 g6 5. b3 Bg7 6. 0-0 0-0 7. Bb2 Qe8 8. c4 Nc6 9. d5 Nd8 10. Qc2 e5 11. dxe6 Nxe6 12. Nc3 f4 13. Nd5 fxg3 14. hxg3 Nxd5 15. cxd5 Bxb2 16. Qxb2 Nc5 17. Rac1 a5 18. a3 Bg4 19. b4 axb4 20. axb4 Bxf3 21. Bxf3 Qb5 22. Bg4 h5 23. Qc2 Kg7 24. Bxh5 gxh5 25. bxc5 Rae8 26. cxd6 cxd6 27. e4 Rf7 28. Qd2 Re5 29. Qd4 Qe2 30. Rce1 Qg4 31. Re3 Rf3 32. Rb1 Rf7 33. Rb6 Kh7 34. Rxd6 Ref5 35. f4 Rxf4 36. Qd3 Rf1+ 37. Qxf1 Rxf1+ 38. Kxf1 h4 39. Kg2 hxg3 40. Re6 Qd1 41. Kxg3 Qg1+ 42. Kf4 Qh2+ 43. Kg4 Qg2+ 44. Rg3 Qe2+ 45. Rf3 Qg2+ 46. Kf4 Qd2+ 47. Kf5 Qg2 48. Rb3 Qf2+ 49. Ke5 Qh2+ 50. Kd4 Qf2+ 51. Kc4 Qc2+ 52. Kb4 b5 53. Rh3+ Kg7 54. Kxb5 Qb1+ 55. Kc6 Qc1+ 56. Kd7 Qc4 57. Rg3+ Kh7 58. d6 Qb5+ 59. Ke7 Qb8 60. d7 Qb4+ 61. Kf7 Qd2 62. Rh3+ 1-0

[Event "Dortmund Sparkassen op-A 46th"]
[Site "Dortmund"]
[Date "2018.07.14"]
[Round "1"]
[White "Fuhlrott, Tim"]
[Black "Topolewski, Dirk"]
[Result "1/2-1/2"]
[WhiteElo "1958"]
[BlackElo "2192"]
[PlyCount "120"]
[EventDate "2018.07.14"]
[EventType "swiss"]
[EventRounds "9"]
[EventCountry "GER"]
[SourceTitle "CBM 185 Extra"]
[Source "ChessBase"]
[SourceDate "2018.07.29"]
[SourceVersion "1"]
[SourceVersionDate "2018.07.29"]
[SourceQuality "1"]

1. c4 e5 2. g3 d5 3. cxd5 Qxd5 4. Nf3 Nc6 5. Nc3 Qd6 6. Bg2 Nf6 7. d3 Be7 8. 0-0 0-0 9. a3 Nd4 10. Bg5 c6 11. Rc1 Bg4 12. Bxf6 Qxf6 13. Nxd4 exd4 14. Ne4 Qe6 15. Re1 f5 16. Nc5 Bxc5 17. Rxc5 f4 18. Be4 fxg3 19. hxg3 Qf6 20. f4 h6 21. Qb3+ Rf7 22. Bf3 Be6 23. Qb4 Rd8 24. e4 dxe3 25. Rxe3 Rfd7 26. Rce5 Bf5 27. Be4 Bxe4 28. Qxe4 Qf7 29. f5 Rd4 30. Qf3 Qf6 31. Re6 Qf7 32. f6 Rxd3 33. Rxd3 Rxd3 34. Qxd3 Qxe6 35. Qd8+ Kf7 36. fxg7 Kxg7 37. Qc7+ Qf7 38. Qe5+ Kg6 39. Qe4+ Qf5 40. Qe8+ Qf7 41. Qe4+ Qf5 42. Qe8+ Kg5 43. Qg8+ Kh5 44. Qg7 Qg5 45. Qxb7 Qxg3+ 46. Kh1 Qf3+ 47. Kh2 Qf2+ 48. Kh3 Qe3+ 49. Kg2 Qe2+ 50. Kg3 Qd3+ 51. Kg2 Qe2+ 52. Kg3 Qe3+ 53. Kg2 Qb6 54. Qf7+ Kg5 55. Qg7+ Kf5 56. b4 Qa6 57. Qd7+ Ke5 58. Qe7+ Kd5 59. Qf7+ Kd4 60. Qf6+ Kd5 1/2-1/2

[Event "GER-ch U25-A"]
[Site "Willingen"]
[Date "2018.05.26"]
[Round "9"]
[White "Fuhlrott, Tim"]
[Black "Teichert, Felix"]
[Result "1/2-1/2"]
[WhiteElo "1911"]
[BlackElo "2042"]
[PlyCount "58"]
[EventDate "2018.05.19"]
[EventType "swiss"]
[EventRounds "9"]
[EventCountry "GER"]
[SourceTitle "CBM 184 Extra"]
[Source "ChessBase"]
[SourceDate "2018.06.28"]
[SourceVersion "1"]
[SourceVersionDate "2018.06.28"]
[SourceQuality "1"]

1. c4 b6 2. Nc3 e6 3. g3 Bb7 4. e4 Bb4 5. Nge2 f5 6. Bg2 Nf6 7. d3 fxe4 8. 0-0 0-0 9. dxe4 Nc6 10. h3 d6 11. a3 Bxc3 12. Nxc3 Nd7 13. f4 e5 14. Be3 exf4 15. gxf4 Nc5 16. b4 Nd7 17. e5 Qb8 18. Qg4 Qe8 19. Bd5+ Kh8 20. Qg2 Qg6 21. Qxg6 hxg6 22. exd6 cxd6 23. Ne4 Nf6 24. Nxd6 Nxd5 25. cxd5 Nd8 26. Nxb7 Nxb7 27. Rac1 Rf7 28. Rc6 Rd8 29. Rd1 Kh7 1/2-1/2

[Event "GER-ch U25-A"]
[Site "Willingen"]
[Date "2018.05.25"]
[Round "8"]
[White "Stemmler, Fabian"]
[Black "Fuhlrott, Tim"]
[Result "1/2-1/2"]
[WhiteElo "1998"]
[BlackElo "1911"]
[PlyCount "46"]
[EventDate "2018.05.19"]
[EventType "swiss"]
[EventRounds "9"]
[EventCountry "GER"]
[SourceTitle "CBM 184 Extra"]
[Source "ChessBase"]
[SourceDate "2018.06.28"]
[SourceVersion "1"]
[SourceVersionDate "2018.06.28"]
[SourceQuality "1"]

1. d4 f5 2. Bg5 h6 3. Bh4 g5 4. e4 Bg7 5. Bg3 d6 6. exf5 Bxf5 7. Bd3 Qd7 8. Qh5+ Kd8 9. Qf3 Bxd3 10. Qxd3 Nc6 11. c3 e5 12. dxe5 Nxe5 13. Bxe5 Bxe5 14. Nf3 Bg7 15. Na3 c6 16. 0-0-0 Kc7 17. Nc4 d5 18. Nce5 Bxe5 19. Nxe5 Qd6 20. Rhe1 Re8 21. Ng6 Rxe1 22. Rxe1 Rh7 23. Qf5 Ne7 1/2-1/2

[Event "Werther Schloss op 24th"]
[Site "Werther"]
[Date "2018.03.25"]
[Round "6"]
[White "Fuhlrott, Tim"]
[Black "Koellner, Ruben Gideon"]
[Result "1/2-1/2"]
[WhiteElo "1979"]
[BlackElo "2141"]
[PlyCount "38"]
[EventDate "2018.03.22"]
[EventType "swiss"]
[EventRounds "7"]
[EventCountry "GER"]
[SourceTitle "CBM 183 Extra"]
[Source "ChessBase"]
[SourceDate "2018.04.19"]
[SourceVersion "1"]
[SourceVersionDate "2018.04.19"]
[SourceQuality "1"]

1. c4 e5 2. g3 Nc6 3. Nc3 Bc5 4. Bg2 a6 5. Nf3 d6 6. d3 Nge7 7. a3 Ba7 8. b4 0-0 9. 0-0 Nf5 10. e3 h5 11. Nd5 Nce7 12. e4 Nxd5 13. cxd5 Nd4 14. Nxd4 Bxd4 15. Ra2 Bg4 16. Bf3 Bh3 17. Bg2 Bg4 18. Bf3 Bh3 19. Bg2 Bg4 1/2-1/2

[Event "Dortmund Sparkassen op-A 45th"]
[Site "Dortmund"]
[Date "2017.07.19"]
[Round "5"]
[White "Fuhlrott, Tim"]
[Black "Althoff, Ralph"]
[Result "1/2-1/2"]
[WhiteElo "1856"]
[BlackElo "2071"]
[PlyCount "150"]
[EventDate "2017.07.15"]
[EventType "swiss"]
[EventRounds "9"]
[EventCountry "GER"]
[SourceTitle "CBM 179 Extra"]
[Source "ChessBase"]
[SourceDate "2017.08.23"]
[SourceVersion "1"]
[SourceVersionDate "2017.08.23"]
[SourceQuality "1"]

1. c4 e6 2. g3 d5 3. Bg2 Nf6 4. Nf3 Bd6 5. 0-0 0-0 6. b3 c5 7. e3 Nc6 8. Bb2 b6 9. Nc3 Bb7 10. Qe2 Re8 11. Rfd1 d4 12. exd4 Nxd4 13. Nxd4 Bxg2 14. Kxg2 cxd4 15. Ne4 e5 16. Rf1 Nxe4 17. Qxe4 Qg5 18. Rad1 Rad8 19. Bc1 Qe7 20. d3 Qe6 21. f4 exf4 22. Qxe6 Rxe6 23. Bxf4 Bxf4 24. Rxf4 Re2+ 25. Rf2 Rde8 26. Kf1 R2e3 27. Rf4 Re2 28. Rf2 R2e3 29. Rf4 g5 30. Rxd4 f5 31. Rd2 Re1+ 32. Kg2 Ra1 33. Rd5 Ree1 34. Rxf5 h6 35. Rdf2 g4 36. Rf1 Rxa2+ 37. R5f2 Ree2 38. Rxe2 Rxe2+ 39. Rf2 Re3 40. Rd2 Kf7 41. b4 Ke6 42. Kf2 Rf3+ 43. Ke2 b5 44. c5 Kd5 45. Ra2 Kd4 46. Rxa7 Re3+ 47. Kf2 Rf3+ 48. Ke2 Re3+ 49. Kf2 Rf3+ 50. Kg2 Kxd3 51. Rd7+ Kc4 52. h3 Rc3 53. hxg4 Kxb4 54. Rh7 Rxc5 55. Rxh6 Kc4 56. Kf3 b4 57. Kf4 b3 58. g5 b2 59. Rh1 Kd5 60. Rb1 Ke6 61. Rxb2 Rc4+ 62. Kf3 Kf5 63. Rb5+ Kg6 64. Re5 Ra4 65. Re4 Rxe4 66. Kxe4 Kxg5 67. Kf3 Kf5 68. g4+ Kg5 69. Kg3 Kg6 70. Kf4 Kf6 71. g5+ Kg6 72. Kg4 Kg7 73. Kf5 Kf7 74. g6+ Kg7 75. Kg5 Kg8 1/2-1/2

[Event "Dortmund Sparkassen op-A 45th"]
[Site "Dortmund"]
[Date "2017.07.15"]
[Round "1"]
[White "Koellner, Ruben Gideon"]
[Black "Fuhlrott, Tim"]
[Result "1-0"]
[WhiteElo "2078"]
[BlackElo "1856"]
[PlyCount "41"]
[EventDate "2017.07.15"]
[EventType "swiss"]
[EventRounds "9"]
[EventCountry "GER"]
[SourceTitle "CBM 179 Extra"]
[Source "ChessBase"]
[SourceDate "2017.08.23"]
[SourceVersion "1"]
[SourceVersionDate "2017.08.23"]
[SourceQuality "1"]

1. d4 d5 2. Bf4 c5 3. e3 Nf6 4. c3 e6 5. Nf3 Nc6 6. Nbd2 Nh5 7. Bg3 Nxg3 8. hxg3 Bd6 9. Bd3 h6 10. Qe2 b6 11. e4 cxd4 12. exd5 dxc3 13. bxc3 Ne7 14. Bb5+ Kf8 15. dxe6 Bxe6 16. Ne4 Nd5 17. Rd1 Qc7 18. 0-0 Be7 19. Nd4 Nxc3 20. Nxe6+ fxe6 21. Qf3+ 1-0